[Event "wk.vi.rr.1"]
[Site "SchemingMind.com"]
[Date "2016.01.19"]
[Round "-"]
[White "Chessibelle"]
[Black "wight knight"]
[Result "0-1"]
[WhiteCountry "ENG"]
[BlackCountry "ENG"]
[WhiteElo "1186"]
[WhiteRD "62"]
[BlackElo "1406"]
[BlackRD "57"]
[GameID "394112"]

1. Nf3 f6 2. d4 d6 3. a3 Bg4 4. e3 Bxf3 5. Qxf3 c6 6. Nc3 g6 7. Bd3 f5 8. e4 Bg7 9. O-O Bxd4 10. Ne2 c5
11. Bc4 Nf6 12. Qf4 Nxe4 13. Qh6 Nc6 14. Nf4 Ne5 15. Ne6 Kd7 16. Nf4 Nxc4 17. Rb1 Qf8 18. Qh3 Ncd2 19. Qd3 Nxb1 20. Qb5+ Kc7
21. Nd5+ Kd8 22. Qa5+ b6 23. Nxb6 Rb8 24. Nd5+ Kd7 25. Qc7+ Ke6 26. Nf4+ Ke5 27. Qc6 Qf7 28. Nh3 Qd5 29. Bf4+ Ke6 30. Ng5+ Nxg5
31. Re1+ Ne4 32. Qb5 Bxf2+ 33. Kf1 Rxb5
0-1

[Event "wk.vi.rr.1"]
[Site "SchemingMind.com"]
[Date "2016.01.20"]
[Round "-"]
[White "wight knight"]
[Black "Chessibelle"]
[Result "0-1"]
[WhiteCountry "ENG"]
[BlackCountry "ENG"]
[WhiteElo "1406"]
[WhiteRD "57"]
[BlackElo "1186"]
[BlackRD "62"]
[GameID "394113"]

1. e4 e5 2. Bc4 Nf6 3. f3 Nc6 4. c3 d6 5. d3 Be7 6. Bg5 O-O 7. Bxf6 Bxf6 8. g3 a6 9. f4 Bd7 10. h3 g5
11. fxg5 Bxg5 12. h4 Be3 13. h5 Qg5 14. Nf3 Qxg3+ 15. Ke2 Qf2#
0-1

[Event "wk.vi.rr.1"]
[Site "SchemingMind.com"]
[Date "2016.01.20"]
[Round "-"]
[White "Black Knight"]
[Black "Chessibelle"]
[Result "1-0"]
[WhiteCountry "USA"]
[BlackCountry "ENG"]
[WhiteElo "1393"]
[WhiteRD "64"]
[BlackElo "1186"]
[BlackRD "62"]
[GameID "394116"]

1. e4 e5 2. Nf3 Nc6 3. Bc4 h6 4. Nc3 Nf6 5. O-O Bd6 6. d3 O-O 7. Nd5 a6 8. a3 b5 9. Ba2 Nd4 10. Nxd4 exd4
11. Nxf6+ Qxf6 12. Re1 Qe5 13. f4 Qe7 14. e5 Bc5 15. b4 Bb6 16. Bb2 d6 17. exd6 Qf6 18. dxc7 Bxc7 19. Re4 Qg6 20. g3 Kh8
21. Re7 Bd6 22. Re4 Bg4 23. f5 Qxf5 24. Qxg4 Qf6 25. Bxd4 Qg6 26. Rf1 Kh7 27. Qxg6+ fxg6 28. Re6 Bc7 29. Bd5 Kh8 30. Bxa8 Rxa8
31. Re7 Rg8 32. Rxc7
1-0

[Event "wk.vi.rr.1"]
[Site "SchemingMind.com"]
[Date "2016.01.20"]
[Round "-"]
[White "Chessibelle"]
[Black "Black Knight"]
[Result "0-1"]
[WhiteCountry "ENG"]
[BlackCountry "USA"]
[WhiteElo "1199"]
[WhiteRD "61"]
[BlackElo "1438"]
[BlackRD "67"]
[GameID "394117"]

1. Nf3 d5 2. d4 Nc6 3. e3 Bd7 4. Nc3 Nf6 5. Be2 Bg4 6. O-O Bxf3 7. Bxf3 e6 8. a3 g6 9. Be2 Bg7 10. Bf3 O-O
11. Be2 Ne4 12. g3 a6 13. b4 Nxc3 14. Qe1 Nxe2+ 15. Qxe2 b5 16. f4 f5 17. g4 a5 18. c3 Qb8 19. gxf5 exf5 20. Bd2 Ne7
21. Qf3 c6 22. Be1 Bf6 23. Qe2 a4 24. Rf3 Qd6 25. Rh3 Rf7 26. Bd2 Re8 27. Rf1 h5 28. Qg2 Rg7 29. Qf2 Nc8 30. Qe1 Nb6
31. Rf2 Nc4 32. Bc1 Bd8 33. Qd1 Nxe3 34. Qd3 Ng4 35. Rff3 Re1+ 36. Rf1 Rxf1+ 37. Qxf1 Re7 38. Rf3 Re4 39. h3 Nh6 40. Qf2 Qe6
41. Be3 Nf7 42. Kg2 Nd6 43. Rg3 Bh4 44. Qf3 Bxg3
0-1

[Event "wk.vi.rr.1"]
[Site "SchemingMind.com"]
[Date "2016.01.20"]
[Round "-"]
[White "Black Knight"]
[Black "wight knight"]
[Result "0-1"]
[WhiteCountry "USA"]
[BlackCountry "ENG"]
[WhiteElo "1393"]
[WhiteRD "64"]
[BlackElo "1406"]
[BlackRD "57"]
[GameID "394118"]

1. e4 e5 2. Nf3 f6 3. Nc3 c6 4. Bc4 Bc5 5. d4 exd4 6. Nxd4 Bxd4 7. Qxd4 d5 8. exd5 b5 9. Qe4+ Qe7 10. Qxe7+ Nxe7
11. O-O bxc4 12. Re1 Kd8 13. d6 Nd5 14. Nxd5 cxd5 15. Bd2 Kd7 16. Bb4 Nc6 17. Ba3 a5 18. b3 cxb3 19. axb3 Nd4 20. Re7+ Kd8
21. Rd1 Nxc2 22. Rc1 Nxa3 23. Rc6 Re8 24. Rcc7 Rxe7 25. dxe7+ Ke8
0-1

[Event "wk.vi.rr.1"]
[Site "SchemingMind.com"]
[Date "2016.01.20"]
[Round "-"]
[White "wight knight"]
[Black "Black Knight"]
[Result "0-1"]
[WhiteCountry "ENG"]
[BlackCountry "USA"]
[WhiteElo "1406"]
[WhiteRD "57"]
[BlackElo "1393"]
[BlackRD "64"]
[GameID "394119"]

1. e4 e5 2. Bc4 Nf6 3. f3 d5 4. exd5 Nxd5 5. Bxd5 Qxd5 6. Ne2 Bc5 7. Nbc3 Qd8 8. d3 Bf5 9. g4 Be6 10. a3 Nc6
11. b4 Bd4 12. Nxd4 Qxd4 13. Rb1 Qxc3+ 14. Bd2 Qd4 15. b5 Ne7 16. Rb4 Qd7 17. O-O O-O 18. Qe2 Nd5 19. Rb2 Nf4 20. Qxe5 Ng6
21. Qg5 h6 22. Qh5 Qe7 23. f4 Qxa3 24. Rbb1 Qa2 25. f5 Qxc2 26. Bxh6 Qc5+ 27. Rf2 gxh6 28. Qxh6 Nh8 29. fxe6 fxe6 30. Rf1 Rxf2
31. Rxf2 Rf8 32. Qxe6+ Kg7 33. Qd7+ Rf7 34. Qe6 Qxf2+ 35. Kh1 Qf1#
0-1

[Event "wk.vi.rr.1"]
[Site "SchemingMind.com"]
[Date "2016.02.08"]
[Round "-"]
[White "Black Knight"]
[Black "MattB"]
[Result "1-0"]
[WhiteCountry "USA"]
[BlackCountry "USA"]
[WhiteElo "1422"]
[WhiteRD "62"]
[BlackElo "1304"]
[BlackRD "84"]
[GameID "395155"]

1. e4 e5 2. Nf3 Nc6 3. Bb5 Bc5 4. O-O Nge7 5. Nc3 O-O 6. Bxc6 Nxc6 7. d3 d6 8. Nd5 Bg4 9. h3 Bh5 10. Qe2 b5
11. a3 Ne7 12. Bg5 Re8 13. b4 Bd4 14. Rab1 f6 15. Be3 Bxe3 16. Qxe3 c6 17. Nxe7+ Qxe7 18. Nh4 c5 19. bxc5 dxc5 20. Nf5 Qc7
21. Qg3 Bg6 22. Rxb5 a6 23. Rb2 c4 24. h4 Bxf5 25. exf5 cxd3 26. cxd3 Qc3 27. Rfb1 Qxd3 28. Qxd3 e4 29. Qd5+ Kh8 30. Rb8 Raxb8
31. Rxb8 Rxb8 32. Qd6 Re8 33. Qd7 Rg8 34. Qc6 a5 35. Qxe4 h5 36. Qd5 Kh7 37. Qxa5 g6 38. Qc7+ Kh8 39. Qf7 g5 40. Qxf6+ Rg7
41. Qh6+ Rh7 42. Qf8#
1-0

[Event "wk.vi.rr.1"]
[Site "SchemingMind.com"]
[Date "2016.02.08"]
[Round "-"]
[White "MattB"]
[Black "Black Knight"]
[Result "0-1"]
[WhiteCountry "USA"]
[BlackCountry "USA"]
[WhiteElo "1304"]
[WhiteRD "84"]
[BlackElo "1422"]
[BlackRD "62"]
[GameID "395156"]

1. e4 e5 2. Nf3 Nc6 3. Bc4 Nf6 4. d3 Bc5 5. O-O O-O 6. Bg5 Nd4 7. Nbd2 h6 8. Bh4 Be7 9. Nxe5 d5 10. exd5 Bd6
11. Re1 b5 12. Bb3 Nxb3 13. Nxb3 Bg4 14. f3 Bh5 15. Nc6 Qd7 16. Bxf6 gxf6 17. Qd2 Rfe8 18. g4 Bg6 19. Qxh6 a5 20. Nbd4 f5
21. gxf5 Bxf5 22. Qg5+ Bg6 23. h4 Bc5 24. Ne7+ Bxe7 25. Rxe7 Qxe7 26. Ne6 fxe6 27. Qxg6+ Qg7 28. Qxg7+ Kxg7 29. Kf2 exd5 30. Rg1+ Kh7
31. h5 Rg8 32. Re1 Rae8 33. Rc1 Kh6 34. Rh1 Rg5 35. f4 Rxh5 36. Rxh5+ Kxh5 37. Kf3 Re1 38. b3 Rh1 39. c4 Rh3+ 40. Ke2 Kg4
41. cxd5 Kxf4 42. d4 Re3+ 43. Kd2 Ke4 44. a4 Rd3+ 45. Kc2 Rxd4 46. Kc3 Rxd5 47. axb5 Rxb5 48. Kc4 Rb4+ 49. Kc3 c5 50. Kc2 Kd4
51. Kb2 c4 52. Kc2 Rxb3 53. Kd2 a4 54. Kc2 a3
0-1

[Event "wk.vi.rr.1"]
[Site "SchemingMind.com"]
[Date "2016.02.08"]
[Round "-"]
[White "Chessibelle"]
[Black "MattB"]
[Result "1-0"]
[WhiteCountry "ENG"]
[BlackCountry "USA"]
[WhiteElo "1199"]
[WhiteRD "61"]
[BlackElo "1335"]
[BlackRD "88"]
[GameID "395157"]

1. Nf3 Nf6 2. d4 d5 3. e3 e6 4. Nc3 Bb4 5. Bd2 Nc6 6. Be2 O-O 7. O-O a6 8. Re1 b5 9. g3 Bb7 10. a3 Bd6
11. Ng5 e5 12. Bd3 e4 13. Be2 b4 14. Na4 h6 15. Nc5 h5 16. Nxb7 Qd7 17. Bxh5 Be7 18. f3 Nxh5 19. f4 g6 20. g4 Nf6
21. Qe2 Nxg4 22. Qf1 Nd8 23. Qh3 Kg7 24. Qh7+ Kf6 25. axb4 Nxb7 26. Qh3 Rh8 27. Nh7+ Kf5 28. Kg2 Nd6 29. Kg3 Rhg8 30. Qxg4#
1-0

[Event "wk.vi.rr.1"]
[Site "SchemingMind.com"]
[Date "2016.02.08"]
[Round "-"]
[White "MattB"]
[Black "Chessibelle"]
[Result "1-0"]
[WhiteCountry "USA"]
[BlackCountry "ENG"]
[WhiteElo "1335"]
[WhiteRD "88"]
[BlackElo "1199"]
[BlackRD "61"]
[GameID "395158"]

1. e4 e5 2. Nf3 Nc6 3. Bc4 h6 4. d4 Bd6 5. c3 b6 6. Nbd2 Nf6 7. b4 O-O 8. Bb2 Be7 9. Qc2 d5 10. Bb3 Qd7
11. O-O Qg4 12. exd5 Bf5 13. Qd1 Qg6 14. g3 Nd8 15. Nxe5 Qh7 16. c4 Rc8 17. c5 Ne4 18. g4 Bg6 19. Bc2 Ng5 20. Nxg6 fxg6
21. d6 cxd6 22. Bb3+ Nde6 23. cxb6 axb6 24. a4 h5 25. a5 Qh6 26. Bxe6+ Kh7 27. Bxc8 Rxc8 28. a6 hxg4 29. Qxg4 Rc2 30. a7 Nh3+
31. Kh1 d5 32. a8=Q Bd6 33. Qa3 Ng5 34. Nf3 Nxf3 35. Kg2 Nxh2 36. Rh1 g5 37. Qd3+ g6 38. Qxc2 Kg7 39. Qd7+
1-0

[Event "wk.vi.rr.1"]
[Site "SchemingMind.com"]
[Date "2016.02.08"]
[Round "-"]
[White "wight knight"]
[Black "MattB"]
[Result "0-1"]
[WhiteCountry "ENG"]
[BlackCountry "USA"]
[WhiteElo "1359"]
[WhiteRD "58"]
[BlackElo "1335"]
[BlackRD "88"]
[GameID "395159"]

1. e4 e5 2. Bc4 Nf6 3. f3 Bc5 4. d3 O-O 5. Bg5 d6 6. Bxf6 Qxf6 7. g3 Nc6 8. c3 a6 9. h4 b5 10. Bd5 Bb7
11. Bxc6 Bxc6 12. Qd2 Bxg1 13. Rxg1 Qxf3 14. Qf2 Qxf2+ 15. Kxf2 f5 16. Nd2 fxe4+ 17. Ke3 d5 18. Nb3 d4+ 19. cxd4 exd4+ 20. Nxd4 Bb7
21. Ne6 Rfc8 22. dxe4 c5 23. Rgd1 c4 24. Rd7 Bc6 25. Rxg7+ Kh8 26. h5 Re8 27. Rc7 Rxe6 28. Rf1 Rxe4+ 29. Kd2 Re6 30. Rff7 Rh6
31. g4 Rd8+ 32. Kc3 Kg8 33. Rf5 a5 34. g5 Rhd6 35. h6 Rd3+ 36. Kc2 Be4 37. Rg7+ Kh8 38. Rf2 Rf3+ 39. Kc1 Rxf2 40. Re7 Rf1#
0-1

[Event "wk.vi.rr.1"]
[Site "SchemingMind.com"]
[Date "2016.02.08"]
[Round "-"]
[White "MattB"]
[Black "wight knight"]
[Result "0-1"]
[WhiteCountry "USA"]
[BlackCountry "ENG"]
[WhiteElo "1335"]
[WhiteRD "88"]
[BlackElo "1359"]
[BlackRD "58"]
[GameID "395160"]

1. e4 e5 2. Nf3 f6 3. Bc4 Bc5 4. O-O d6 5. d4 exd4 6. c3 dxc3 7. Nxc3 c6 8. a3 Bg4 9. b4 Bb6 10. Bb2 Bxf3
11. Qxf3 d5 12. exd5 cxd5 13. Bxd5 Nc6 14. Rae1+ Nge7 15. Bxc6+ Kf8 16. Bxb7 Rb8 17. Ne2 Qc7 18. Nf4 Qxb7 19. Ne6+ Kf7 20. Qxb7 Rxb7
21. a4 Bc7 22. b5 Ba5 23. Nc5 Bxe1 24. Nxb7 Bb4 25. Rd1 Rc8 26. Nd6+ Bxd6 27. Rxd6 Rc4 28. b6 axb6 29. Rxb6 Rxa4 30. g3 h5
31. Kg2 f5 32. h4 f4 33. Rb5 fxg3 34. fxg3 g6 35. Be5 Ra2+ 36. Kh3 Nf5 37. g4 Ra3+ 38. Kg2 Nxh4+ 39. Kf1 hxg4 40. Rb7+ Ke6
41. Bb2 Rf3+ 42. Ke2 g3 43. Rb6+ Kf5 44. Rb5+ Kg4 45. Rb4+ Kh3 46. Bf6 Rxf6 47. Rb3 Rf3 48. Rb6 g2 49. Rxg6 Kh2 50. Rh6 g1=Q
51. Rxh4+ Rh3 52. Rxh3+ Kxh3 53. Kd3 Qe1 54. Kd4 Kg4 55. Kd5 Kf5 56. Kc4 Qd1 57. Kc5 Ke5 58. Kc4 Qd4+ 59. Kb5 Kd6 60. Ka6 Qb4
61. Ka7 Kc6 62. Ka8 Qb7#
0-1

[Event "wk.vi.rr.1"]
[Site "SchemingMind.com"]
[Date "2016.03.29"]
[Round "-"]
[White "Manfred Kraut"]
[Black "Black Knight"]
[Result "0-1"]
[WhiteCountry "GER"]
[BlackCountry "USA"]
[WhiteElo "1430"]
[WhiteRD "65"]
[BlackElo "1438"]
[BlackRD "64"]
[GameID "397428"]

1. d4 d5 2. Nf3 Nc6 3. e3 Bg4 4. Nbd2 Nf6 5. Be2 e6 6. O-O Bd6 7. a3 O-O 8. b3 a6 9. Bb2 b5 10. Ne5 Bxe2
11. Qxe2 Bxe5 12. dxe5 Nd7 13. f4 f6 14. exf6 Nxf6 15. Rf3 Ne7 16. Bxf6 Rxf6 17. Rh3 Nf5 18. e4 Nd4 19. Qh5 Rh6 20. Qg4 Rg6
21. Qd1 Qd6 22. e5 Qc5 23. b4 Qxc2 24. Qxc2 Nxc2 25. Rc1 Nd4 26. Rxc7 Ne2+ 27. Kf2 Nxf4 28. Rf3 Rxg2+ 29. Ke3 Ng6 30. Rff7 Nxe5
31. Rf3 Nxf3 32. Nxf3 Rf8 33. Ne5 Rxh2 34. Rc6 Rh3+ 35. Kd4 Rf4+ 36. Kc5 Rc3+ 37. Kb6 Rxc6+ 38. Kxc6 Rf5 39. Nd3 h5 40. Kd6 h4
41. Kxe6 Rf3 42. Ne5 Re3 43. Kxd5 Rxe5+
0-1

[Event "wk.vi.rr.1"]
[Site "SchemingMind.com"]
[Date "2016.03.30"]
[Round "-"]
[White "Black Knight"]
[Black "Manfred Kraut"]
[Result "0-1"]
[WhiteCountry "USA"]
[BlackCountry "GER"]
[WhiteElo "1438"]
[WhiteRD "64"]
[BlackElo "1430"]
[BlackRD "65"]
[GameID "397429"]

1. e4 c5 2. d3 Nc6 3. g3 g6 4. Bg2 Bg7 5. Nc3 d6 6. Nge2 Nf6 7. O-O O-O 8. Nd5 Bg4 9. Nxf6+ Bxf6 10. h3 Bd7
11. c3 Qc8 12. Nf4 b5 13. Nd5 Bg7 14. c4 bxc4 15. dxc4 Bxh3 16. Bxh3 Qxh3 17. Nf4 Qd7 18. Qe2 e5 19. Nd5 Nd4 20. Qd1 f5
21. f3 f4 22. g4 Qd8 23. b3 Qh4 24. Rf2 h5 25. Rh2 Qg5 26. Bb2 hxg4 27. Bxd4 cxd4 28. fxg4 f3 29. Rf2 Qxg4+ 30. Kf1 Qh3+
31. Ke1 Bh6 32. Ne7+ Kg7 33. Nd5 Qh1+ 34. Rf1 f2+
0-1

[Event "wk.vi.rr.1"]
[Site "SchemingMind.com"]
[Date "2016.03.29"]
[Round "-"]
[White "Manfred Kraut"]
[Black "Chessibelle"]
[Result "1-0"]
[WhiteCountry "GER"]
[BlackCountry "ENG"]
[WhiteElo "1418"]
[WhiteRD "62"]
[BlackElo "1135"]
[BlackRD "61"]
[GameID "397430"]

1. d4 d5 2. Nf3 Nf6 3. e3 Bd7 4. Bd3 g6 5. O-O e6 6. a3 a6 7. b3 Be7 8. Bb2 O-O 9. Nbd2 Nc6 10. Ne5 Be8
11. f4 Nh5 12. Rf3 f6 13. Nxc6 bxc6 14. c4 c5 15. cxd5 Qxd5 16. Bc4 Qc6 17. dxc5 Bxc5 18. b4 Ba7 19. Rc1 Bf7 20. Rh3 Rfd8
21. Be2 Ng7 22. Rxc6
1-0

[Event "wk.vi.rr.1"]
[Site "SchemingMind.com"]
[Date "2016.03.29"]
[Round "-"]
[White "Chessibelle"]
[Black "Manfred Kraut"]
[Result "0-1"]
[WhiteCountry "ENG"]
[BlackCountry "GER"]
[WhiteElo "1135"]
[WhiteRD "61"]
[BlackElo "1418"]
[BlackRD "62"]
[GameID "397431"]

1. Nf3 g6 2. d4 Bg7 3. e3 d5 4. Nc3 Nf6 5. Bd3 O-O 6. O-O Nbd7 7. b4 b6 8. e4 dxe4 9. Nxe4 Bb7 10. Re1 c5
11. bxc5 Nxe4 12. Bxe4 Bxe4 13. Rxe4 bxc5 14. c3 Rc8 15. h4 Nf6 16. Re3 Ng4 17. Rd3 cxd4 18. cxd4 e6 19. Ne1 Nf6 20. Bg5 Qd5
21. Nf3 Rc4 22. Be3 Ng4 23. Bc1 a5 24. Ba3 Rfc8 25. Ng5 Bxd4 26. Qxg4 Bxa1 27. Rf3 Rxg4
0-1

[Event "wk.vi.rr.1"]
[Site "SchemingMind.com"]
[Date "2016.03.29"]
[Round "-"]
[White "Manfred Kraut"]
[Black "wight knight"]
[Result "1-0"]
[WhiteCountry "GER"]
[BlackCountry "ENG"]
[WhiteElo "1418"]
[WhiteRD "62"]
[BlackElo "1446"]
[BlackRD "62"]
[GameID "397432"]

1. d4 Nc6 2. Nf3 f6 3. e4 d6 4. c4 Bg4 5. d5 Ne5 6. Nbd2 Bxf3 7. Nxf3 Nxf3+ 8. Qxf3 Qd7 9. Bd3 g6 10. O-O O-O-O
11. b4 h5 12. e5 dxe5 13. Bxg6 h4 14. Bf5 e6 15. Bxe6 Qxe6 16. dxe6 Bxb4 17. Bb2 Re8 18. a3 Bd6 19. Rab1 Rxe6 20. Qf5 Kd7
21. Rfd1 Ne7 22. Qh3 a5 23. c5 Nf5 24. cxd6 cxd6 25. Qxf5 Rg8 26. h3 b5 27. Qh7+ Kc6 28. Qxg8 Re7 29. Qd5+ Kd7 30. Qxd6+ Ke8
31. Qd8+ Kf7 32. Rd7 b4 33. Qxe7+ Kg6 34. Qh7+ Kg5 35. Rg7+ Kf4 36. Bc1#
1-0

[Event "wk.vi.rr.1"]
[Site "SchemingMind.com"]
[Date "2016.03.30"]
[Round "-"]
[White "wight knight"]
[Black "Manfred Kraut"]
[Result "1-0"]
[WhiteCountry "ENG"]
[BlackCountry "GER"]
[WhiteElo "1446"]
[WhiteRD "62"]
[BlackElo "1418"]
[BlackRD "62"]
[GameID "397433"]

1. e4 c5 2. Bc4 Nc6 3. c3 g6 4. Qf3 Ne5 5. Qe2 Bg7 6. Nf3 d6 7. d3 Nf6 8. h3 O-O 9. h4 Bg4 10. Bf4 Nxc4
11. dxc4 e5 12. Bg5 Qd7 13. Bxf6 Bxf6 14. Na3 a6 15. O-O-O Rfb8 16. Qe3 b5 17. Rd2 b4 18. cxb4 cxb4 19. Nc2 Qa4 20. Qb3 Qxb3
21. axb3 a5 22. Rxd6 Kg7 23. Ne3 Bxf3 24. gxf3 a4 25. Nd5 Bd8 26. c5 a3 27. bxa3 Rxa3 28. Kb2 Ba5 29. c6 Rc8 30. Ne7 Re8
31. Nd5 Kh6 32. Ra1 Rxa1 33. Kxa1 Bd8 34. c7 Bxc7 35. Nxc7 Rc8 36. Nd5 Rc2 37. Nxb4 Rxf2 38. Nc6 Rxf3 39. b4 Rb3 40. Rd5 Kh5
41. Rxe5+ Kxh4 42. Re7 Rf3 43. Ne5 h5 44. Nxf3+ Kg3 45. Nd2 h4 46. Rxf7 g5 47. e5 h3 48. Rh7 Kg2 49. e6 h2 50. Rxh2+ Kxh2
51. e7
1-0

[Event "wk.vi.rr.1"]
[Site "SchemingMind.com"]
[Date "2016.03.29"]
[Round "-"]
[White "Manfred Kraut"]
[Black "MattB"]
[Result "0-1"]
[WhiteCountry "GER"]
[BlackCountry "USA"]
[WhiteElo "1418"]
[WhiteRD "62"]
[BlackElo "1340"]
[BlackRD "72"]
[GameID "397434"]

1. d4 d5 2. Nf3 Nf6 3. e3 e6 4. Bd3 Bd6 5. O-O O-O 6. a3 Nbd7 7. b3 a6 8. Bb2 b5 9. Nbd2 Bb7 10. Ne5 c5
11. c4 bxc4 12. bxc4 dxc4 13. Ndxc4 cxd4 14. exd4 Qc7 15. Rc1 Bc6 16. Nxc6 Qxc6 17. Nxd6 Qxd6 18. f4 Rab8 19. Rc2 a5 20. f5 e5
21. dxe5 Nxe5 22. Re1 Nxd3 23. Rf1 Qb6+ 24. Kh1 Nxb2 25. Qf3 Na4 26. h3 Nc5 27. Kh2 Qd6+ 28. g3 Rb3 29. Rc3 Rxc3 30. Qxc3 Nce4
31. Qf3 Nd2
0-1

[Event "wk.vi.rr.1"]
[Site "SchemingMind.com"]
[Date "2016.03.29"]
[Round "-"]
[White "MattB"]
[Black "Manfred Kraut"]
[Result "1-0"]
[WhiteCountry "USA"]
[BlackCountry "GER"]
[WhiteElo "1340"]
[WhiteRD "72"]
[BlackElo "1418"]
[BlackRD "62"]
[GameID "397435"]

1. e4 c5 2. Bc4 Nc6 3. Nf3 g6 4. Ng5 e6 5. O-O Qxg5 6. d4 Qd8 7. d5 Nd4 8. dxe6 dxe6 9. c3 Nc6 10. Nd2 Bg7
11. Nf3 Nge7 12. Qc2 O-O 13. Be3 b6 14. b4 cxb4 15. cxb4 Bb7 16. Rad1 Qc7 17. a3 a5 18. bxa5 Rxa5 19. Qb3 Rfa8 20. Bxb6 Qe5
21. Bxa5 Nxa5 22. Nxe5 Nxb3 23. Bxb3 Rxa3 24. Bc2 Bxe5 25. Rd7 Rc3 26. Bd3 Bc8 27. Rd8+ Kg7 28. f4 Bb8 29. h4 h5 30. f5 Rxd3
31. Rxd3 Ba6 32. f6+ Kf8 33. Rd8#
1-0

[Event "wk.vi.rr.1"]
[Site "SchemingMind.com"]
[Date "2016.04.08"]
[Round "-"]
[White "Manfred Kraut"]
[Black "RyanSmith89"]
[Result "1-0"]
[WhiteCountry "GER"]
[BlackCountry "USA"]
[WhiteElo "1430"]
[WhiteRD "65"]
[BlackElo "1313"]
[BlackRD "80"]
[GameID "397775"]

1. d4 d5 2. Nf3 Bg4 3. Nbd2 e6 4. e3 Nf6 5. Be2 Nc6 6. O-O Bd6 7. a3 O-O 8. b3 a6 9. Bb2 b5 10. c4 Ne4
11. c5 Nxd2 12. Qxd2 Be7 13. Ne5 Nxe5 14. dxe5 Bxe2 15. Qxe2 Bxc5 16. b4 Bb6 17. f4 c5 18. bxc5 Bxc5 19. Rf3 d4 20. exd4 Bxd4+
21. Kf1 Rb8 22. Rd1 Qh4 23. Bxd4 Qxh2 24. Rh3 Qxf4+ 25. Bf2 Rbc8 26. g3 Qc4 27. Qxc4 bxc4 28. Rc1 c3 29. Ke2 Rfd8 30. g4 Rd2+
31. Ke1 Rd5 32. Rhxc3 Rxe5+ 33. Kf1 Rxc3 34. Rxc3 g6 35. Kg2 f5 36. gxf5 Rxf5 37. Rc8+ Kg7 38. Ra8 a5 39. Bb6 Rg5+ 40. Kf3 Rf5+
41. Ke4 h5 42. Rxa5 h4 43. Rxf5 exf5+ 44. Kf4 Kh6 45. Kf3 Kh5 46. a4 h3 47. Kg3 g5 48. Kxh3 g4+ 49. Kg3 Kg5 50. Be3+ Kf6
51. a5 Ke6 52. a6
1-0

[Event "wk.vi.rr.1"]
[Site "SchemingMind.com"]
[Date "2016.04.08"]
[Round "-"]
[White "RyanSmith89"]
[Black "Manfred Kraut"]
[Result "0-1"]
[WhiteCountry "USA"]
[BlackCountry "GER"]
[WhiteElo "1313"]
[WhiteRD "80"]
[BlackElo "1430"]
[BlackRD "65"]
[GameID "397776"]

1. e4 c5 2. Nf3 Nc6 3. d4 cxd4 4. Nxd4 g6 5. Nxc6 bxc6 6. c4 Bg7 7. g3 d6 8. Bg2 Nf6 9. Nc3 O-O 10. O-O Bg4
11. f3 Bd7 12. b3 Qb6+ 13. Kh1 a5 14. Qd3 Bc8 15. Be3 Qc7 16. Bf4 Ba6 17. Rac1 c5 18. Nd5 Nxd5 19. exd5 Bb7 20. Rfe1 a4
21. Re2 axb3 22. axb3 Ra3 23. Rce1 Bf6 24. Bh6 Rfa8 25. f4 Ra1 26. Bg5 Rxe1+ 27. Rxe1 Ra1 28. Rxa1 Bxa1 29. f5 Kg7 30. fxg6 hxg6
31. Qe2 Bf6 32. Bxf6+ exf6 33. h4 Qb6 34. Qf3 Qa5 35. Kh2 Qa2 36. g4 Qb2 37. h5 g5 38. Kh3 Kh6 39. Qe4 Qxb3+ 40. Bf3 Qc3
41. Kg3 Ba6 42. Qe7 Qe5+ 43. Qxe5 fxe5 44. Be4 Bxc4 45. Kf3 Bb3 46. Ke3 Bd1 47. Bf3 Bxf3 48. Kxf3 c4 49. Ke3 c3 50. Kd3 f5
51. gxf5 g4 52. f6 g3 53. f7 Kg7 54. f8=Q+ Kxf8 55. Kxc3 g2 56. h6 g1=Q 57. h7 Kg7
0-1

[Event "wk.vi.rr.1"]
[Site "SchemingMind.com"]
[Date "2016.04.07"]
[Round "-"]
[White "Black Knight"]
[Black "RyanSmith89"]
[Result "1-0"]
[WhiteCountry "USA"]
[BlackCountry "USA"]
[WhiteElo "1438"]
[WhiteRD "64"]
[BlackElo "1313"]
[BlackRD "80"]
[GameID "397777"]

1. e4 d5 2. exd5 Qxd5 3. Nc3 Qa5 4. d4 e6 5. Bd2 Bb4 6. a3 Bxc3 7. Bxc3 Qb6 8. Nf3 Nf6 9. Bd3 O-O 10. O-O Nd5
11. Qd2 Nxc3 12. Qxc3 Nd7 13. Rfe1 c5 14. b4 cxd4 15. Qxd4 Qxd4 16. Nxd4 b6 17. Bb5 a6 18. Bc6 Rb8 19. Bxd7 Bxd7 20. Rad1 b5
21. Nb3 g6 22. Rxd7 f5 23. Rxe6 Rbc8 24. Nd4 Rc4 25. h3 f4 26. Ree7 Rfc8 27. Rg7+ Kf8 28. Ne6+ Ke8 29. Rge7#
1-0

[Event "wk.vi.rr.1"]
[Site "SchemingMind.com"]
[Date "2016.04.07"]
[Round "-"]
[White "RyanSmith89"]
[Black "Black Knight"]
[Result "0-1"]
[WhiteCountry "USA"]
[BlackCountry "USA"]
[WhiteElo "1313"]
[WhiteRD "80"]
[BlackElo "1438"]
[BlackRD "64"]
[GameID "397778"]

1. e4 e5 2. Bc4 Nf6 3. Nc3 Nc6 4. Nf3 Bb4 5. Ng5 O-O 6. O-O Be7 7. d3 Nd4 8. Nd5 Nxd5 9. Nxh7 Kxh7 10. Qh5+ Kg8
11. Bxd5 c6 12. Qxe5 Ne2+ 13. Kh1 cxd5 14. exd5 Nxc1 15. Raxc1 d6 16. Qc3 Bf6 17. d4 Re8 18. f4 Bf5 19. h3 Rc8 20. Qd2 Qb6
21. c3 Re7 22. Kh2 Rce8 23. g4 Re2+ 24. Qxe2 Rxe2+ 25. Kg1 Bxd4+ 26. cxd4 Qxd4+ 27. Kh1 Be4+
0-1

[Event "wk.vi.rr.1"]
[Site "SchemingMind.com"]
[Date "2016.04.07"]
[Round "-"]
[White "Chessibelle"]
[Black "RyanSmith89"]
[Result "0-1"]
[WhiteCountry "ENG"]
[BlackCountry "USA"]
[WhiteElo "1135"]
[WhiteRD "61"]
[BlackElo "1370"]
[BlackRD "106"]
[GameID "397779"]

1. Nf3 d5 2. d4 Bg4 3. e3 Nf6 4. Be2 c6 5. Nc3 Nbd7 6. O-O g6 7. a3 Bg7 8. b4 O-O 9. g3 Bh3 10. Re1 Ne4
11. Bb2 Nb6 12. Ne5 Bxe5 13. f4 Bc7 14. Bf3 f5 15. Be2 Nc4 16. Na4 Nxe3 17. Qc1 Ng4 18. c3 Qd6 19. Qc2 Qf6 20. c4 Bxf4
21. gxf4 Qh4 22. cxd5 Qf2+
0-1

[Event "wk.vi.rr.1"]
[Site "SchemingMind.com"]
[Date "2016.04.07"]
[Round "-"]
[White "RyanSmith89"]
[Black "Chessibelle"]
[Result "1-0"]
[WhiteCountry "USA"]
[BlackCountry "ENG"]
[WhiteElo "1370"]
[WhiteRD "106"]
[BlackElo "1135"]
[BlackRD "61"]
[GameID "397780"]

1. e4 e5 2. Bc4 h6 3. Qh5 g6 4. Qxe5+ Ne7 5. Qxh8 d6 6. Nc3 Nbc6 7. Nf3 b6 8. Qf6 Be6 9. Nd5 Kd7 10. d4 Qc8
11. Bb5 Qb7 12. c4 Ng8 13. Qh8 Ne7 14. Nf6+ Kc8 15. Qxf8+ Nd8 16. Qxe7 g5 17. d5 a6 18. dxe6 Qb8 19. Qd7+ Kb7 20. e7 Ne6
21. Bc6+ Ka7 22. e8=Q Nc5 23. Qxb8+
1-0

[Event "wk.vi.rr.1"]
[Site "SchemingMind.com"]
[Date "2016.04.07"]
[Round "-"]
[White "wight knight"]
[Black "RyanSmith89"]
[Result "1-0"]
[WhiteCountry "ENG"]
[BlackCountry "USA"]
[WhiteElo "1446"]
[WhiteRD "62"]
[BlackElo "1370"]
[BlackRD "106"]
[GameID "397781"]

1. e4 e6 2. Bc4 c6 3. d3 b5 4. Bb3 g6 5. Nc3 Bg7 6. Nf3 Nf6 7. h3 O-O 8. Bg5 d5 9. Bxf6 Qxf6 10. h4 Nd7
11. d4 Ba6 12. a4 b4 13. Na2 Rab8 14. Qd2 e5 15. O-O-O dxe4 16. h5 exf3 17. h6 fxg2 18. Rhg1 Qf4 19. Qxf4 exf4 20. hxg7 Kxg7
21. Rxg2 c5 22. dxc5 Nxc5 23. Nxb4 Nxb3+ 24. cxb3 Rxb4 25. Rd6 Bb7 26. Rg5 h6 27. Rg4 f3 28. Rxb4 Bc8 29. Rb8 g5 30. a5 g4
31. Ra8 a6 32. Kd2 h5 33. Rc6 Rd8+ 34. Ke3 Re8+ 35. Kf4 h4 36. Rcxc8 Rxc8 37. Rxc8 h3 38. Kxg4 h2 39. Rc1 Kg6 40. Rh1 f5+
41. Kxf3 Kg5 42. Rxh2 f4 43. Rg2+ Kf5 44. Rg4
1-0